000 01175nam0a2200349 4500
001 RU\NLR\BIBL_A\022073404
005 20231215113320.0
010 _a978-5-00131-307-6
_95000
021 _aRU
_bКН-П-23-065072
_9КН-П-23-6616
035 _a(NLR Aleph) 022073404
035 _a(RuMoRGB)012219379
090 _a12666899
_c12666899
100 _a20231115d2023 u y0rusy50 ca
101 1 _arus
_cheb
102 _aRU
105 _ay z 000ay
181 0 _ai
_baxxe
182 0 _an
200 1 _aСлучайная жертва
_fЯир Лапид
_gпер. с ивр. В. Голода
203 _aТекст
_bвизуальный
_cнепосредственный
210 _aМосква
_cСиндбад
_d2023
215 _a284, [3] с.
_cпортр.
_d21
225 1 _aРасследует частный сыщик Джош Ширман
333 _a16+
675 _a821.411.16-31
_v4
686 1 _aШ6(5И)07-446{Лх2070}
700 1 _aЛапид
_bЯ.
_f1963-
_gЯир
_3RU\NLR\AUTH\770262968
942 _cBOOK
980 _aNB